| 000 | 00825nam a22002177a 4500 | ||
|---|---|---|---|
| 999 |
_c3356 _d3356 |
||
| 003 | AR-CdUCM | ||
| 008 | 190306b ||||| |||| 00| 0 spa d | ||
| 040 |
_aMUNICIPALIDAD PROVINCIAL DEL CUSCO _cBIBLIOTECA MUNICIPAL DEL CUSCO |
||
| 082 |
_a338.09 / _bP78 |
||
| 100 |
_aPortocarrero Maisch, Felix _911116 |
||
| 245 |
_aIdustria y crisis : _bla década de los 70 / |
||
| 260 |
_aLima : _bDesco, _c1984. |
||
| 300 |
_a286 páginas ; _c20 cm. |
||
| 505 | _aComportamiento de la economía peruana y el desarrollo industrial en el periodo de 1950-1980 -- Los ciclos de economía -- Desarrollo industrial... | ||
| 650 |
_aEconomía peruana. _98416 |
||
| 650 |
_aPolíticas industriales. _911117 |
||
| 650 |
_aCrisis económica. _96402 |
||
| 700 |
_aNinura Chully, Juan _911118 |
||
| 942 |
_2ddc _cLIBROS |
||
| 945 |
_awfj _d2019-03-06 |
||